Państwa graniczące z Włochami - Statystyki

Ogólne statystyki
  • Ten quiz został rozwiązany 5 700 razy
  • Średni wynik to 5 z 6
Statystyki odpowiedzi
Długość granicy Państwo % Poprawnych
388 km Francja
93%
740 km Szwajcaria
89%
3 km Watykan
88%
430 km Austria
87%
39 km San Marino
84%
232 km Słowenia
78%
Nie znaleziono quizów pasujących do podanych kryteriów
Rozkład punktacji
Procent ludzi z każdym wynikiem
Percentyl według liczby udzielonych odpowiedzi
Twoja historia wyników
Nie rozwiązałeś tego quizu